Statistiken für Real Madrid Squad

Klicken Sie hier um das Quiz zu spielen!

Allgemein

  • Dieses Quiz wurde 84 mal gespielt
    (46 seit der letzten Aktualisierung)
  • Das Durchschnittsergebnis liegt bei 18 aus 25

Antwortstatistiken

NumberPlayer% Korrekt
5Bellingham
95%
10Modric
93%
4Alaba
90%
8Kroos
90%
22Rüdiger
90%
7Vinicius
90%
12Camavinga
88%
1Courtois
88%
11Rodrygo
88%
18Tchouameni
85%
3Militao
83%
2Carvajal
80%
6Nacho
78%
15Valverde
78%
13Lunin
76%
14Joselu
73%
23Mendy
71%
21Diaz
59%
20Garcia
59%
25Arrizabalaga
51%
19Ceballos
51%
17Vazquez
51%
24Güler
49%
16Odriozola
24%
30Reinier
10%

Verteilung der Resultate

Perzentil nach korrekt beantworteten Fragen

Anzahl Personen mit jedem Resultat

Ihre Resultats-Entwicklung

Sie haben dieses Quiz seit der letzten Aktualisierung nicht gespielt